000 00905nam a2200253 a 4500
001
003 DO-SdBNP
005 20210921124009.0
008 110225s1998 dr a 000 0 spa d
040 _aDO-SdBNP
_bspa
_cBPMSU
049 _a
082 _a334.097293
_bD615c 1998
_222
100 1 _aDitrén Díaz, Ramón Isidro,
_d1932-
245 1 0 _aControl democrático :
_bprincipio cooperativo universal. Experiencia dominicana /
_cRamón Isidro Ditrén Díaz; prólogo Lorenzo Cueto Guerrero.
260 _aSanto Domingo :
_bDiálogo,
_c1998.
300 _a125 p. :
_bil. ;
_c21 cm.
500 _aIncluye datos biográficos del autor en la contracubierta.
590 _6Inventariado, 2021/VM
650 4 _aCooperativismo
_zRepública Dominicana
650 4 _aEconomía solidaria
_zRepública Dominicana
700 1 _aCueto Guerrero, Lorenzo,
_epról.
910 _aVMateo V.
942 _2ddc
_cBK
999 _c13714
_d13714